Guardians of the Galaxy Vol 3 Characters - Statistics

General Stats
  • This quiz has been taken 198 times
    196 since last reset
  • The average score is 16 of 27
Answer Stats
Hint Answer % Correct
Tree-like Guardian Groot
100%
Experimented on by the High Evolutionary Rocket
99%
Ex-Guardian, now Ravager Gamora
97%
Literal Guardian Drax
94%
Above’s real name Peter Quill
93%
Leader of the Guardians Star Lord
93%
Empath Guardian Mantis
88%
Guardian who decides to lead Knowhere Nebula
88%
The Warlock who saved Peter Adam Warlock
83%
Learns to control the arrow Kraglin Obfonteri
82%
Telepathic Dog Cosmo
80%
Experiments on creatures High Evolutionary
72%
Dead Ravager who Kraglin saw to control the arrow Yondu Udonta
71%
Rocket’s rabbit friend Floor
70%
Duck who played a card game with Kraglin on Knowhere Howard the Duck
61%
Rocket’s otter friend Lylla
61%
Rocket’s walrus friend Teefs
57%
Peter’s grandfather Jason Quill
52%
High Priestess Ayesha
46%
Leader of the Ravagers Stakar Ogord
29%
Worker of OrgaCorp who Peter flirts with Ura
29%
Adam’s pet Blurp
24%
New Guardian Phyla-Vell
17%
Security of OrgaCorp Master Karja
13%
Xandarian who moved to Knowhere The Broker
11%
High Evolutionary’s scientist the Guardians need Theel
11%
High Evolutionary’s scientist who turns on him Vim
7%
No matching quizzes found
Score Distribution
Percent of People with Each Score
Percentile by Number Answered
Your Score History
You have not taken this quiz since the last reset